000 01573nam a2200289Ia 4500
999 _c56173
_d56173
001 23274
003 GE_BSU
005 20230725170304.0
008 181216s2014||||ge |||||||||||||| ||geo||
020 _a9789941065811
040 _cGE_BSU
041 _ageo
080 _a355.333(479.25) გ-60
100 _aგოგიტიძე, მამუკა
_919544
245 _aსომხეთის სამხედრო ელიტა :
_b(სომეხი გენერლები საქართველოდან) /
_cმამუკა გოგიტიძე, გიორგი ბეჟიტაშვილი ; რუს. თარგმნა მამუკა გოგიტიძემ ; რედ. ელგუჯა მამუკელაშვილი.
264 _aთბილისი :
_bსვეტი,
_c2014.
300 _a253 გვ. :
_bფოტ. ;
_c29 სმ.
504 _aბიბლიოგრ. : გვ. 239-251
541 _h20 ლ.
653 _aსომეხი გენერლები
653 _aსომხეთის სამხედრო ელიტა
653 _aსომეხი გენერლები საქართველოდან
700 _aბეჟიტაშვილი, გიორგი
_eავტორი
_92380
700 _aგოგიტიძე, მამუკა
_eმთარგმნელი
_919544
700 _aმამუკელაშვილი, ელგუჯა
_eრედაქტორი
_919545
942 _cBK
_2udc